000 00641nam a2200193Ia 4500
003 GCL
008 140319s9999 xx 000 0 ara d
040 _aGCL /
_cGCL
082 0 4 _a509
_bج م
100 1 _aمحمد على ابوريان
245 1 0 _aمنهج البحث العلمى عند العرب فى مجال العلوم الطبيعية والكونية /
_cمحمد على ابوريان
700 1 _aجلال محمد موسى
260 _a[S.N] :
_bدار الكتاب اللبنانى ،
_c1988
300 _a300 ص
490 _a
650 0 4 _aطرق البحث
650 0 4 _aمناهج البحث
942 _2ddc
_cBK
999 _c36014
_d36014